000 00466nam a2200181Ia 4500
005 20240823025127.0
008 240823s9999||||xx |||||||||||||| ||und||
041 _aENGLISH
082 _A303.625 P7
100 _aAmrita Chakraborty Ed.
245 0 _aTerrorism the Sectoral Impact
250 _a1st
260 _c2007
_bThe ICFAI University
_aHyderabad
500 _aYES
650 _aTerrorism Insurance
_bManagement Studies
942 _cBK
999 _c185573
_d185573